Państwa Ameryki Południowej - Statystyki

Ogólne statystyki
  • Ten quiz został rozwiązany 47 razy
  • Średni wynik to 12 z 13
Statystyki odpowiedzi
Obrazkowy Odpowiedź % Poprawnych
Argentyna
100%
Brazylia
100%
Chile
100%
Ekwador
100%
Peru
100%
Urugwaj
100%
Kolumbia
98%
Paragwaj
95%
Wenezuela
93%
Gujana
86%
Boliwia
81%
Surinam
79%
Gujana francuska
64%
Nie znaleziono quizów pasujących do podanych kryteriów
Rozkład punktacji
Procent ludzi z każdym wynikiem
Percentyl według liczby udzielonych odpowiedzi
Twoja historia wyników
Nie rozwiązałeś tego quizu